01899cam a2200253 a 450000100100000000500170001000800410002704000250006808200180009324501920011126000560030330000240035950000410038350400330042450507540045765100240121170000510123570000370128670000250132370000340134895201210138295201270150399900150163000000134920200929145542.0751125s1952 cu b 000 0 spa d aDO-SdBNPbspacBNPHU a972.91bH673n00aHistoria de la Nación Cubana :bconsolidación de la república, desde 1902 hasta 1951 /cRamiro Guerra y Sánchez, José M. Pérez Cabrera, Juan J. Remos y Emeterio S. Santoventa. aLa Habana :bHistoria de la Nación Cubana,c1952. av. :bil. ;c25 cm. aLa biblioteca posee el v. 4, 6 y 10. aBibliografía : p. 415-418.0 gv. 1tCulturas primitivas, descubrimiento, conquista y colonización (desde la epoca precolombina hasta 1697).gv. 2tGuerras coloniales, Progresos conflictosy (desde 1697 hasta 1790).gv. 3tIlustración, libertad de comercio (desde 1790 hasta 1837) .gv. 4tRuptura con la metrópolis (desde 1837 hasta 1868).gv. 5tGuerra de los Diez Años y otras actividades revolucionarias, desde 1868 hasta 1902 (1).gv. 6tAutonomismo, Guerra de Independencia, desde 1868 hasta 1902 (2).gv. 7tCambio de soberanía, desde 1868 hasta 1902 (3).gv. 8tAdvenimiento de la República, desde 1902 hasta 1951 (1).gv. 9tDesarrollo económico y social Proceso, desde 1902 hasta 1951 (2)gv. 10tConsolidación de la República, desde 1902 hasta 1951 (3) 4aCubaxHistoria94931 aGuerray y Sánchez, Ramiro,d1880-1970.945291 aPérez Cabrera, José M.945301 aRemos, Juan J.945311 aSantovenia, Emeterio S.94532 001052728MOaGRbGRcBDd2009-09-04iLF1l0o972.91 H673np1349-10r2020-06-25w2020-06-25y2ZPréstamo interno 001052728MOaGRbGRcBDd2009-11-25iLF1l0o972.91 H673np1349-20r2020-06-25te. 2w2020-06-25y2ZPréstamo interno c1278d1278